Missing Word: NBC Shows (1980s) Quiz Stats

Quiz Updated Oct 14, 2016

Challenge
Share
Tweet
Embed
Score 0/24 Timer 02:00
4 Plays Today
Television Series Missing Word % Correct
_____ ViceMiami
98.3%
Quantum _____Leap
84.9%
_____ ElsewhereSt.
83.5%
In the _____ of the NightHeat
80.7%
_____ Street BluesHill
77.4%
Punky _____Brewster
76.6%
Highway to _____Heaven
72.3%
_____ LawL.A.
67%
_____ RiderKnight
66.7%
The _____ GirlsGolden
66.2%
_____ A Break!Gimme
65.1%
My Two _____Dads
64.5%
Television Series Missing Word % Correct
A Year in the _____Life
64.3%
_____ SpoonsSilver
61.9%
_____ SteeleRemington
61.8%
_____ NestEmpty
61.7%
Harper Valley _____PTA
57%
Night _____Court
56.3%
Father Dowling _____Mysteries
49.4%
A Different _____World
46.4%
_____ MysteriesUnsolved
41.4%
Flamingo _____Road
34.7%
Santa _____Barbara
32.3%
The _____ FamilyHogan
12.6%

Today's Daily Dose

You're not logged in!

Compare scores with friends on all Sporcle quizzes.
Sign Up with Email
OR
Log In

You Might Also Like...

Show Comments

Extras

Top Quizzes Today


Score Distribution

Your Account Isn't Verified!

In order to create a playlist on Sporcle, you need to verify the email address you used during registration. Go to your Sporcle Settings to finish the process.